000 01106nam2a22002291 4500
001 rc\57595
005 20250620193438.0
035 _a(NLR Aleph) 005388018
090 _a7162066
_c7162066
100 _a20021216d1993 |||y0rusy50 ca
101 0 _arus
102 _aRU
105 _ay |||||||||
200 0 _a... за 1989-1991
_fСост. Е.В. Крамчанинов
_gРед. Т.Г. Манько
210 _d1993
_aБ. м.
215 _a61 с.
461 0 _1001rc\57594
_12001#$aИммунитет сельскохозяйственных животных и птиц$eУказ. лит. ..., отеч. и иностр.$fЦентр. науч. с.-х. б-ка Рос. акад. с.-х. наук$v... за 1989-1991
_97862193
_cМ.
_d1993
_fЦентр. науч. с.-х. б-ка Рос. акад. с.-х. наук
_nЦНСКБ
_oУказ. лит. ..., отеч. и иностр.
_tИммунитет сельскохозяйственных животных и птиц
_v... за 1989-1991
801 0 _aRU
_bNLR
_gpsbo
801 1 _aRU
_bELAR
_2rusmarc
852 _aNLR
_bС
_jК-1/6610
942 _cBOOK
980 _aNB